LEADER 01294nam0 22003133i 450 001 MIL0099209 005 20231121125533.0 010 $a8824300936 020 $aIT$b655309 100 $a20150121d1965 ||||0itac50 ba 101 | $aita 102 $ait 181 1$6z01$ai $bxxxe 182 1$6z01$an 200 1 $a˜L'œufficio ecclesiastico$fAntonio Vitale 210 $aNapoli$cE. Jovene$d1965 215 $aXI, 155 p.$d25 cm. 225 | $aPubblicazioni della Facoltà giuridica dell'Università di Napoli$v73 410 0$1001CFI0002567$12001 $aPubblicazioni della Facoltà giuridica dell'Università di Napoli$v73$171201$aUniversità degli studi di Napoli Federico 2.$b : Facoltà di giurisprudenza$3CFIV002002 606 $aDiritto ecclesiastico$2FIR$3RMLC008517$9I 700 1$aVitale$b, Antonio$f <1936- >$3CFIV015121$4070$0115044 801 3$aIT$bIT-01$c20150121 850 $aIT-FR0098 899 $aBiblioteca Area Giuridico Economica$bFR0098 912 $aMIL0099209 950 0$aBiblioteca Area Giuridico Economica$d 53DSG 02/0176$e 53VM 0000202865 VM barcode:GIU000546. - Inventario:683VM$fA $h20010423$i20121204 977 $a 53 996 $aUfficio ecclesiastico$9707987 997 $aUNICAS